00243nam a2200097Ia 4500008004100000100001600041245005300057260001900110300000800129650000800137191201s2016 xx 000 0 und d aGANGAL, J K 0aPractical Course for Developing Skill in English bPearsonsc2016 a360 aBBA